[Event "Concepcion del Uruguay op"]
[Site "Concepcion del Uruguay"]
[Date "2019.05.05"]
[Round "5"]
[White "Campos, Maria Jose"]
[Black "Rebot, Alejandro"]
[Result "1-0"]
[WhiteElo "2012"]
[BlackElo "1624"]
[PlyCount "47"]
[EventDate "2019.05.03"]
[EventType "swiss"]
[EventRounds "6"]
[EventCountry "ARG"]
[SourceTitle "CBM 190 Extra"]
[Source "ChessBase"]
[SourceDate "2019.07.15"]
[SourceVersion "1"]
[SourceVersionDate "2019.07.15"]
[SourceQuality "1"]

1. c4 e6 2. g3 f5 3. Bg2 Nf6 4. Nf3 c6 5. 0-0 d5 6. d3 Bd6 7. Nc3 Nbd7 8. e4 fxe4 9. dxe4 0-0 10. exd5 exd5 11. cxd5 Qc7 12. dxc6 bxc6 13. Nd4 Ne5 14. Ndb5 cxb5 15. Nxb5 Qb6 16. Nxd6 Ba6 17. Be3 Qb5 18. Qb3+ Kh8 19. Bxa8 Rxa8 20. f4 Neg4 21. Nf7+ Kg8 22. Nh6+ Kh8 23. Qg8+ Rxg8 24. Nf7# 1-0

[Event "ARG-ch sf"]
[Site "Corrientes"]
[Date "2018.03.18"]
[Round "6"]
[White "Rebot, Alejandro"]
[Black "Hakanson, Ian"]
[Result "0-1"]
[WhiteElo "1641"]
[BlackElo "1687"]
[PlyCount "54"]
[EventDate "2018.03.16"]
[EventType "swiss"]
[EventRounds "7"]
[EventCountry "ARG"]
[SourceTitle "CBM 183 Extra"]
[Source "ChessBase"]
[SourceDate "2018.04.19"]
[SourceVersion "1"]
[SourceVersionDate "2018.04.19"]
[SourceQuality "1"]

1. e4 e5 2. Nf3 Nc6 3. Bc4 Bc5 4. c3 Nf6 5. d4 exd4 6. cxd4 Bb4+ 7. Nc3 Nxe4 8. 0-0 Bxc3 9. d5 Ne5 10. Qe2 Nxf3+ 11. gxf3 0-0 12. bxc3 Nd6 13. Bd3 Re8 14. Qc2 Qh4 15. Kh1 Qh5 16. Be2 b6 17. Rg1 Qf5 18. Qd1 Bb7 19. Rg5 Qf6 20. Be3 Re5 21. Qd2 Bxd5 22. Rxe5 Qxe5 23. Bd4 Qf5 24. Kg2 Nc4 25. Qd1 Re8 26. Bd3 Qg4+ 27. Kf1 Bxf3 0-1

[Event "Villaguay Entre Rios Cup"]
[Site "Villaguay"]
[Date "2017.12.17"]
[Round "5"]
[White "Rebot, Alejandro"]
[Black "Numata, Gaston"]
[Result "0-1"]
[WhiteElo "1692"]
[BlackElo "1650"]
[PlyCount "82"]
[EventDate "2017.12.15"]
[EventType "swiss"]
[EventRounds "6"]
[EventCountry "ARG"]
[SourceTitle "CBM 182 Extra"]
[Source "ChessBase"]
[SourceDate "2018.02.23"]
[SourceVersion "1"]
[SourceVersionDate "2018.02.23"]
[SourceQuality "1"]

1. e4 e5 2. Nf3 Nc6 3. Bb5 a6 4. Bxc6 dxc6 5. 0-0 Bd6 6. d3 Nf6 7. Qe2 0-0 8. Nbd2 b5 9. Rd1 Re8 10. Nf1 h6 11. a3 c5 12. Bd2 c6 13. Ng3 Be6 14. Nh4 c4 15. dxc4 Bxc4 16. Qf3 Qc7 17. Nhf5 Be7 18. Nxe7+ Rxe7 19. Nf5 Rd7 20. Bxh6 Ne8 21. Rxd7 Qxd7 22. Rd1 Qc7 23. Bd2 Be6 24. Bc3 f6 25. Qd3 a5 26. Qf3 Rd8 27. b3 Rxd1+ 28. Qxd1 c5 29. Ne3 b4 30. Bb2 Kf7 31. f3 Nd6 32. c4 bxc3 33. Bxc3 Qa7 34. Kh1 Nb5 35. Bb2 Nd4 36. Bxd4 cxd4 37. Nc4 Qc5 38. Qd3 a4 39. Nd2 Qc1+ 40. Nf1 Bxb3 41. h3 Bc4 0-1

[Event "Villaguay Entre Rios Cup"]
[Site "Villaguay"]
[Date "2017.12.16"]
[Round "4"]
[White "Rebot, Alejandro"]
[Black "Sarli, Arnoldo"]
[Result "0-1"]
[WhiteElo "1692"]
[BlackElo "1636"]
[PlyCount "70"]
[EventDate "2017.12.15"]
[EventType "swiss"]
[EventRounds "6"]
[EventCountry "ARG"]
[SourceTitle "CBM 182 Extra"]
[Source "ChessBase"]
[SourceDate "2018.02.23"]
[SourceVersion "1"]
[SourceVersionDate "2018.02.23"]
[SourceQuality "1"]

1. d4 Nf6 2. c4 e6 3. Nf3 d5 4. Nc3 Be7 5. b3 0-0 6. Bb2 c5 7. e3 b6 8. Bd3 h6 9. 0-0 Bb7 10. Qc2 Nc6 11. Ne2 Nb4 12. Qd2 Nxd3 13. Qxd3 Rc8 14. Rac1 Ne4 15. Rfd1 Ng5 16. Ne5 dxc4 17. bxc4 Be4 18. Qb3 Qc7 19. Ng3 Ba8 20. dxc5 Bxc5 21. Rd7 Qb8 22. Nh5 Rfd8 23. h4 Rxd7 24. Nxd7 Qb7 25. f3 Nxf3+ 26. gxf3 Qxf3 27. Rc2 Bxe3+ 28. Kh2 Qh1+ 29. Kg3 Qg1+ 30. Kh3 Qf1+ 31. Kg3 Qf3+ 32. Kh2 Be4 33. Qc3 Qh1+ 34. Kg3 Qg1+ 35. Kh3 Bf5# 0-1

[Event "Gualeguay Cup Debate Pregon U20"]
[Site "Gualeguay"]
[Date "2017.05.20"]
[Round "3.2"]
[White "Castrignano, Nahuel"]
[Black "Rebot, Alejandro"]
[Result "1-0"]
[WhiteElo "1749"]
[BlackElo "1580"]
[PlyCount "89"]
[EventDate "2017.05.20"]
[EventType "tourn"]
[EventRounds "6"]
[EventCountry "ARG"]
[SourceTitle "EXT 2024"]
[Source "ChessBase"]
[SourceDate "2023.10.10"]
[SourceVersion "1"]
[SourceVersionDate "2023.10.10"]
[SourceQuality "1"]

1. b3 Nf6 2. Bb2 e6 3. g3 Be7 4. Bg2 d5 5. c4 c6 6. Nf3 0-0 7. 0-0 Nbd7 8. d3 Qc7 9. Nbd2 a5 10. Rc1 Rd8 11. e4 dxe4 12. dxe4 Nc5 13. Be5 Qd7 14. Qe2 Nd3 15. Rcd1 Nxe5 16. Nxe5 Qc7 17. Ndf3 a4 18. Rxd8+ Bxd8 19. b4 a3 20. Nd3 Be7 21. Nd2 e5 22. f4 exf4 23. gxf4 Bg4 24. Bf3 Bh3 25. Bg2 Bg4 26. Bf3 Qd7 27. e5 Bxf3 28. Qxf3 Qd4+ 29. Rf2 Ne8 30. Qe4 Qxe4 31. Nxe4 Ra4 32. Nc3 Ra8 33. Kf1 Nc7 34. Rd2 Rd8 35. Ke2 f6 36. exf6 Bxf6 37. Ne5 Rxd2+ 38. Kxd2 Ne6 39. Nd3 Nd4 40. Nb1 Nf3+ 41. Ke3 Nxh2 42. Nxa3 h5 43. b5 Be7 44. bxc6 Bxa3 45. c7 1-0

[Event "Gualeguay Cup Debate Pregon U20"]
[Site "Gualeguay"]
[Date "2017.05.20"]
[Round "2.2"]
[White "Rebot, Alejandro"]
[Black "Muller, Rocio"]
[Result "1-0"]
[WhiteElo "1580"]
[BlackElo "1381"]
[PlyCount "54"]
[EventDate "2017.05.20"]
[EventType "tourn"]
[EventRounds "6"]
[EventCountry "ARG"]
[SourceTitle "EXT 2024"]
[Source "ChessBase"]
[SourceDate "2023.10.10"]
[SourceVersion "1"]
[SourceVersionDate "2023.10.10"]
[SourceQuality "1"]

1. e4 e5 2. Nf3 Nf6 3. Nxe5 Nxe4 4. Nc3 Nxc3 5. dxc3 Qe7 6. Qe2 d6 7. Nf3 Qxe2+ 8. Bxe2 g6 9. Be3 Bg7 10. 0-0-0 0-0 11. h4 Nc6 12. h5 gxh5 13. Ng5 f6 14. Bc4+ Kh8 15. Nf7+ Kg8 16. Nh6+ Kh8 17. Rxh5 Bxh6 18. Rxh6 Ne5 19. Bb3 Ng4 20. Rh3 Re8 21. Rdh1 Re7 22. Bd4 Ne5 23. f4 Bxh3 24. Rxh3 Nf7 25. Bxf6+ Kg8 26. Bxe7 Re8 27. Rf3 Kh8 1-0

[Event "ARG-ch U20"]
[Site "Concordia"]
[Date "2017.04.06"]
[Round "6"]
[White "Castrignano, Nahuel"]
[Black "Rebot, Alejandro"]
[Result "0-1"]
[WhiteElo "1707"]
[BlackElo "1573"]
[PlyCount "94"]
[EventDate "2017.04.03"]
[EventType "tourn"]
[EventRounds "7"]
[EventCountry "ARG"]
[SourceTitle "CBM 178 Extra"]
[Source "ChessBase"]
[SourceDate "2017.06.22"]
[SourceVersion "1"]
[SourceVersionDate "2017.06.22"]
[SourceQuality "1"]

1. c4 f5 2. Nc3 Nf6 3. Nf3 e6 4. g3 d5 5. cxd5 exd5 6. d4 Bd6 7. Bg2 c6 8. Bg5 0-0 9. Ne5 Nbd7 10. Bxf6 Qxf6 11. f4 Qe7 12. Qb3 Nf6 13. Bf3 a5 14. 0-0 Kh8 15. Kg2 Be6 16. e3 Ne4 17. Qd1 Rf6 18. h4 Rg8 19. Rh1 Rc8 20. h5 c5 21. Rh2 cxd4 22. Bxe4 fxe4 23. exd4 Bb4 24. Ng6+ hxg6 25. hxg6+ Kg8 26. Qh5 Kf8 27. Qh8+ Bg8 28. Nxd5 Qe6 29. Nxf6 Qxf6 30. Qh3 Rc2+ 31. Kh1 Rxh2+ 32. Kxh2 Qxd4 33. Qc8+ Ke7 34. Qxb7+ Kf6 35. Qc6+ Be6 36. Rf1 Qd2+ 37. Kg1 Qd4+ 38. Kg2 Qd5 39. Rc1 e3+ 40. Qxd5 Bxd5+ 41. Kf1 Bf3 42. b3 Kxg6 43. a4 Kf5 44. g4+ Kxg4 45. f5 e2+ 46. Kf2 e1Q+ 47. Rxe1 Bxe1+ 0-1

[Event "Tack Memorial U2200"]
[Site "Gualeguaychu"]
[Date "2017.03.11"]
[Round "2"]
[White "Ledesma, Israel"]
[Black "Rebot, Alejandro"]
[Result "1-0"]
[WhiteElo "1914"]
[BlackElo "1606"]
[PlyCount "32"]
[EventDate "2017.03.11"]
[EventType "swiss"]
[EventRounds "5"]
[EventCountry "ARG"]
[SourceTitle "EXT 2024"]
[Source "ChessBase"]
[SourceDate "2023.10.10"]
[SourceVersion "1"]
[SourceVersionDate "2023.10.10"]
[SourceQuality "1"]

1. e4 e5 2. Nf3 Nf6 3. Nxe5 d6 4. Nf3 Nxe4 5. d3 Nf6 6. d4 h6 7. Bd3 Bg4 8. h3 Bxf3 9. Qxf3 Nc6 10. 0-0 Be7 11. Qg3 Qd7 12. c3 0-0-0 13. b4 g5 14. b5 Nb8 15. Qf3 g4 16. hxg4 Qxg4 1-0